000 00659nam a2200289Ia 4500
005 20260324115522.0
008 008 260324s9999 xx 000 0 eng d
020 _a9781315767314
037 _aEBOOK
040 _aCRL
040 _beng
040 _cCRL
041 _2eng
041 _aeng
084 _qCRL
100 _aBarry Hersh
_91154982
245 0 _aUrban Redevelopment
245 2 _bA North American Reader
260 _bTaylor and Francis
260 _c2017
365 _a
365 _b385
856 _uhttp://www.taylorfrancis.com/books/9781315767314
942 _cEBOOK
999 _c1745915
_d1745915